Élément... Ou Pokémon? - Statistiques

Statistiques générales
  • Ce quiz a été pris 97 896 fois
  • Le résultat moyen est 16 sur 20
Statistiques - réponses
Question Réponse % Correct
Onix Pokémon
96%
Zekrom Pokémon
93%
Pyrax Pokémon
92%
Thorium Élément
91%
Laggron Pokémon
91%
Galegon Pokémon
91%
Manganèse Élément
87%
Molybdène Élément
87%
Bismuth Élément
84%
Meltan Pokémon
84%
Hexadron Pokémon
83%
Technetium Élément
82%
Fermium Élément
82%
Antimoine Élément
81%
Tellure Élément
79%
Lanthane Élément
78%
Néodyme Élément
76%
Viridium Pokémon
70%
Macronium Pokémon
61%
Ixon Pokémon
60%
Aucun quiz correspondant
Distribution des résultats
% des personnes avec chaque résultat
Percentile par nombre de réponses
Votre historique - résultats
Vous n’avez pas pris ce quiz